[Event "Innsbruck op-B 1st"]
[Site "Innsbruck"]
[Date "2017.08.29"]
[Round "5"]
[White "Strasser, Josef"]
[Black "Handl, Hans"]
[Result "1/2-1/2"]
[WhiteElo "1861"]
[BlackElo "1812"]
[PlyCount "53"]
[EventDate "2017.08.25"]
[EventType "swiss"]
[EventRounds "9"]
[EventCountry "AUT"]
[SourceTitle "CBM 180 Extra"]
[Source "ChessBase"]
[SourceDate "2017.10.06"]
[SourceVersion "1"]
[SourceVersionDate "2017.10.06"]
[SourceQuality "1"]

1. d4 d5 2. Nf3 Nf6 3. Bf4 e6 4. c4 dxc4 5. Qa4+ Nc6 6. Qxc4 Bb4+ 7. Bd2 Bxd2+ 8. Nbxd2 0-0 9. Rc1 Qd5 10. e3 Re8 11. Be2 Qxc4 12. Rxc4 Bd7 13. 0-0 Rac8 14. Rfc1 Re7 15. b4 a6 16. a3 Be8 17. Rc5 Nd7 18. R5c3 Nf6 19. Bd3 Na7 20. Ne4 Nxe4 21. Bxe4 Bc6 22. Bxc6 Nxc6 23. Rc5 f6 24. Kf1 Nd8 25. d5 exd5 26. Rxd5 c6 27. Rd6 1/2-1/2

[Event "Innsbruck op-B 1st"]
[Site "Innsbruck"]
[Date "2017.08.25"]
[Round "1"]
[White "Handl, Hans"]
[Black "Beyer, Edith"]
[Result "1-0"]
[WhiteElo "1812"]
[BlackElo "1406"]
[PlyCount "87"]
[EventDate "2017.08.25"]
[EventType "swiss"]
[EventRounds "9"]
[EventCountry "AUT"]
[SourceTitle "CBM 180 Extra"]
[Source "ChessBase"]
[SourceDate "2017.10.06"]
[SourceVersion "1"]
[SourceVersionDate "2017.10.06"]
[SourceQuality "1"]

1. e4 e5 2. Nf3 Nc6 3. Bc4 Be7 4. d3 Nf6 5. 0-0 0-0 6. a3 d6 7. h3 a6 8. Ba2 Be6 9. Bxe6 fxe6 10. c3 Nd7 11. Be3 Qe8 12. Qb3 Nd8 13. Nbd2 b6 14. d4 exd4 15. Nxd4 Qg6 16. Qa4 Nc5 17. Qc2 Kh8 18. b4 Nd7 19. Qb3 c5 20. Ne2 b5 21. c4 bxc4 22. Qxc4 Ne5 23. Qb3 Rb8 24. f4 Nec6 25. Qc2 cxb4 26. f5 exf5 27. exf5 Qf6 28. Qd3 Ra8 29. Nd4 Ne5 30. Qb3 bxa3 31. Qd5 Rc8 32. Ne4 Qf7 33. Ne6 Nxe6 34. fxe6 Qe8 35. Nxd6 Bxd6 36. Qxd6 Rxf1+ 37. Rxf1 Ng6 38. Rf7 Rd8 39. Qxa6 Ra8 40. Ba7 Kg8 41. Qb7 Kh8 42. Rxg7 Nf8 43. Bd4 a2 44. Rg3# 1-0

[Event "Seefeld op 19th"]
[Site "Seefeld"]
[Date "2008.09.08"]
[Round "4"]
[White "Winter, Bernd"]
[Black "Handl, Hans"]
[Result "1-0"]
[WhiteElo "2033"]
[BlackElo "1750"]
[PlyCount "107"]
[EventDate "2008.09.05"]
[EventType "swiss"]
[EventRounds "9"]
[EventCountry "AUT"]
[SourceTitle "EXT 2010"]
[Source "ChessBase"]
[SourceDate "2010.11.25"]
[SourceVersion "1"]
[SourceVersionDate "2010.11.25"]
[SourceQuality "1"]

1. e4 e5 2. Nf3 Nf6 3. d4 exd4 4. e5 Qe7 5. Be2 Ng4 6. Qxd4 d6 7. exd6 Qxd6 8. 0-0 Nc6 9. Qe4+ Be7 10. Bb5 0-0 11. Bxc6 bxc6 12. Bf4 Qc5 13. Nc3 Bf5 14. Qa4 Bd6 15. Bxd6 cxd6 16. Nd4 Bd7 17. h3 Ne5 18. Nb3 Qb6 19. Qh4 Ng6 20. Qg3 d5 21. Rad1 a5 22. Na4 Qb5 23. Nac5 Bf5 24. a4 Qc4 25. c3 Qf4 26. Nd4 Qxg3 27. fxg3 Be4 28. Nxe4 dxe4 29. Nxc6 Rfc8 30. Rd6 h6 31. Rxg6 Kh7 32. Rg4 Rxc6 33. Rxf7 Rg6 34. Rxe4 Rxg3 35. Kf2 Rd3 36. Rg4 Rg8 37. Ke2 Rd5 38. Rb7 Re8+ 39. Kf2 Rf5+ 40. Kg1 Rg8 41. Rb5 Rgf8 42. Rxf5 Rxf5 43. b4 h5 44. Re4 Rd5 45. b5 Kg6 46. Rd4 Rc5 47. c4 Kf6 48. Kf2 g5 49. Ke3 Re5+ 50. Re4 Rf5 51. b6 Rf1 52. c5 Kf5 53. Rc4 Rb1 54. c6 1-0

[Event "Seefeld op 19th"]
[Site "Seefeld"]
[Date "2008.09.05"]
[Round "1"]
[White "Pregl, Walter"]
[Black "Handl, Hans"]
[Result "1-0"]
[WhiteElo "2046"]
[BlackElo "1750"]
[PlyCount "47"]
[EventDate "2008.09.05"]
[EventType "swiss"]
[EventRounds "9"]
[EventCountry "AUT"]
[SourceTitle "EXT 2010"]
[Source "ChessBase"]
[SourceDate "2010.11.25"]
[SourceVersion "1"]
[SourceVersionDate "2010.11.25"]
[SourceQuality "1"]

1. e4 e5 2. Nf3 Nf6 3. Nxe5 d6 4. Nf3 Nxe4 5. d4 Be7 6. Bd3 Nf6 7. h3 0-0 8. 0-0 Nbd7 9. c4 c6 10. Re1 Re8 11. Bf4 b6 12. Nc3 Bb7 13. Qd2 d5 14. cxd5 Nxd5 15. Nxd5 cxd5 16. Rac1 Rc8 17. Rxc8 Bxc8 18. Bxh7+ Kxh7 19. Qc2+ g6 20. Bc7 Bb4 21. Bxd8 Rxd8 22. Rc1 Nf6 23. Qc7 Rf8 24. a3 1-0

[Event "Seefeld op 18th"]
[Site "Seefeld"]
[Date "2007.09.06"]
[Round "6"]
[White "Handl, Hans"]
[Black "Werner, Bernd"]
[Result "0-1"]
[WhiteElo "1599"]
[BlackElo "1975"]
[PlyCount "128"]
[EventDate "2007.09.01"]
[EventType "swiss"]
[EventRounds "9"]
[EventCountry "AUT"]
[SourceTitle "EXT 2009"]
[Source "ChessBase"]
[SourceDate "2008.11.26"]
[SourceVersion "1"]
[SourceVersionDate "2008.11.26"]
[SourceQuality "1"]

1. e4 e6 2. d4 d5 3. e5 c5 4. c3 Nc6 5. Nf3 Qb6 6. b3 Bd7 7. Be3 Rc8 8. Be2 f6 9. 0-0 cxd4 10. cxd4 Qc7 11. Bf4 fxe5 12. Nxe5 Bd6 13. Bg3 Nxe5 14. dxe5 Bxe5 15. Bxe5 Qxe5 16. Nd2 Nf6 17. Nf3 Qd6 18. Qd4 b6 19. Bd3 0-0 20. Qh4 e5 21. Rad1 Bg4 22. Qg3 Bxf3 23. gxf3 Nh5 24. Qh3 g6 25. Be4 d4 26. Kh1 Nf6 27. Bd3 Nh5 28. Qg4 Nf4 29. Be4 Qe6 30. Qg5 Kg7 31. Rfe1 Qf6 32. Qg4 Qe6 33. Qg5 h6 34. Qh4 Rf6 35. Qg3 Qh3 36. Qg1 Rc3 37. Qg3 Qxg3 38. fxg3 Nh3 39. Kg2 Ng5 40. Bd5 Rc2+ 41. Kh1 Nxf3 42. Bxf3 Rxf3 43. Rxe5 Rxa2 44. Rd5 Rxb3 45. R5xd4 h5 46. g4 Rbb2 47. Rd7+ Kh6 48. gxh5 Rxh2+ 49. Kg1 Rxh5 50. Rc7 Rg5+ 51. Kh1 Ra4 52. Rd2 Rh4+ 53. Rh2 Rxh2+ 54. Kxh2 a5 55. Ra7 Rg4 56. Ra6 Rb4 57. Kg3 Kg5 58. Ra7 Rb3+ 59. Kg2 Kg4 60. Rc7 Rb2+ 61. Kf1 b5 62. Rd7 a4 63. Rd4+ Kh5 64. Rd5+ g5 0-1